Catálogo público

Probabilidad y estadística aplicadas a la ingeniería / (Record no. 218891)

MARC details
000 -CABECERA
campo de control de longitud fija 01798nam a2200385 a 4500
003 - IDENTIFICADOR DEL NÚMERO DE CONTROL
campo de control CHAP
005 - FECHA Y HORA DE LA ÚLTIMA TRANSACCIÓN
campo de control 20230605182246.0
007 - CAMPO FIJO DE DESCRIPCIÓN FÍSICA--INFORMACIÓN GENERAL
campo de control de longitud fija ta
008 - DATOS DE LONGITUD FIJA--INFORMACIÓN GENERAL
campo de control de longitud fija 220117s1996 mx ad fr 001 0 spa d
020 ## - NÚMERO INTERNACIONAL ESTÁNDAR DEL LIBRO
Número Internacional Estándar del Libro 970-10-1017-5
040 ## - FUENTE DE LA CATALOGACIÓN
Centro/agencia transcriptor CHAP
Centro catalogador/agencia de origen mxchpua
050 10 - SIGNATURA TOPOGRÁFICA DE LA BIBLIOTECA DEL CONGRESO
Número de clasificación QA276.12
Número de documento/Ítem .M66 1996
082 00 - NÚMERO DE LA CLASIFICACIÓN DECIMAL DEWEY
Número de clasificación 519.5
Número de documento/Ítem M66 1996
Número de edición 20
100 1# - ENTRADA PRINCIPAL--NOMBRE DE PERSONA
Nombre de persona Montgomery, Douglas C.
9 (RLIN) 77928
Término indicativo de función/relación autor
240 10 - TÍTULO UNIFORME
Título uniforme Applied statistics and probability for engineers.
Medio Español
245 10 - MENCIÓN DE TÍTULO
Título Probabilidad y estadística aplicadas a la ingeniería /
Mención de responsabilidad, etc. Douglas C. Montgomery y George C. Runger ; traductor Edmundo G. Medal
250 ## - MENCIÓN DE EDICIÓN
Mención de edición 2a edición
264 ## - PRODUCCIÓN, PUBLICACIÓN, DISTRIBUCIÓN, FABRICACIÓN Y COPYRIGHT
Producción, publicación, distribución, fabricación y copyright México :
Nombre del de productor, editor, distribuidor, fabricante McGraw-Hill,
Fecha de producción, publicación, distribución, fabricación o copyright 1996
300 ## - DESCRIPCIÓN FÍSICA
Extensión 1 v. (en varias paginaciones) :
Otras características físicas ilustraciones, tablas, gráficas
336 ## - TIPO DE CONTENIDO
Término de tipo de contenido texto
Código de tipo de contenido txt
Fuente rdacontent
337 ## - TIPO DE MEDIO
Nombre/término del tipo de medio sin medio
Código del tipo de medio n
Fuente rdamedia
338 ## - TIPO DE SOPORTE
Nombre/término del tipo de soporte volumen
Código del tipo de soporte nc
Fuente rdacarrier
504 ## - NOTA DE BIBLIOGRAFÍA, ETC.
Nota de bibliografía, etc. Bibliografía: página C.1-4
520 2# - SUMARIO, ETC.
Sumario, etc. Libro de texto para un primer curso de probabilidad y estadística aplicadas para estudiantes de las carreras de ingeniería, física y química. Todos los ejemplos y ejercicios son propios de la ingeniería y son óptimos para comprender la metodología y cómo aplicarla. Propone el uso de la computadora en el salón de clases para conseguir mejoras sensibles para el avance del curso y ofrece un sitio en Internet con recursos adicionales para estudiantes y profesores.
650 13 - PUNTO DE ACCESO ADICIONAL DE MATERIA--TÉRMINO DE MATERIA
Término de materia o nombre geográfico como elemento de entrada Estadística
9 (RLIN) 38241
650 13 - PUNTO DE ACCESO ADICIONAL DE MATERIA--TÉRMINO DE MATERIA
Término de materia o nombre geográfico como elemento de entrada Probabilidades
9 (RLIN) 91687
650 13 - PUNTO DE ACCESO ADICIONAL DE MATERIA--TÉRMINO DE MATERIA
Término de materia o nombre geográfico como elemento de entrada Probability
9 (RLIN) 158041
650 13 - PUNTO DE ACCESO ADICIONAL DE MATERIA--TÉRMINO DE MATERIA
Término de materia o nombre geográfico como elemento de entrada Statistics
9 (RLIN) 144311
700 1# - PUNTO DE ACCESO ADICIONAL--NOMBRE DE PERSONA
Nombre de persona Runger, George C.
9 (RLIN) 158042
Término indicativo de función/relación autor
700 1# - PUNTO DE ACCESO ADICIONAL--NOMBRE DE PERSONA
Nombre de persona Urbina Medal, Edmundo G.
9 (RLIN) 187335
Término indicativo de función/relación traductor
942 ## - ELEMENTOS DE PUNTO DE ACCESO ADICIONAL (KOHA)
Tipo de ítem Koha Libro
Fuente del sistema de clasificación o colocación Dewey Decimal Classification
901 ## - ELEMENTOS DE DATOS A LOCAL LDA (RLIN)
a 519.5 M66 1996
902 ## - ELEMENTOS DE DATOS B LOCAL, LDB (RLIN)
a M
905 ## - ELEMENTOS DE DATOS E LOCAL, LDE (RLIN)
a 5232272012 mx aimn8222223322spa16
Holdings
Estado de retiro Estado de pérdida Fuente del sistema de clasificación o colocación Estado dañado Restricciones de uso No para préstamo Código de colección Localización permanente Ubicación/localización actual Fecha de adquisición Fuente de adquisición Número de inventario Total de préstamos Signatura topográfica completa Código de barras Fecha visto por última vez Número de copia Precio válido a partir de Tipo de ítem Koha
    Dewey Decimal Classification   Préstamo interno   General Ingenieria Agroindustrial Ingenieria Agroindustrial 23/11/2021 Donación Donación   519.5 M66 1996 1102014830 05/06/2023 Ej. 1 05/06/2023 Libro